"Work Life Balance" podle Baťi

Tomáš Baťa vedel, že iba vzdelaný, motivovaný a zdravý pracovník je schopný odvádzať tú najkvalitnejšiu prácu. Tomáš Baťa bol podnikateľom, pre ktorého človek nebol ľahostajný. Staral sa o zdravie pracovníkov a zároveň ich vychovával k tomu, aby sa o svoje zdravie starali. Urobil maximum v oblasti s...

Descripción completa

Guardado en:
Detalles Bibliográficos
Autor principal: Janků, Šárka
Formato: Capítulo de libro
Lenguaje:checo
Materias:
Etiquetas: Agregar Etiqueta
Sin Etiquetas, Sea el primero en etiquetar este registro!

MARC

LEADER 00000naa a2200000 4500
001 0242924
005 20180516130445.3
041 0 |a cze 
044 |a SK 
245 1 0 |a "Work Life Balance" podle Baťi  |c Šárka Janků 
520 |a Tomáš Baťa vedel, že iba vzdelaný, motivovaný a zdravý pracovník je schopný odvádzať tú najkvalitnejšiu prácu. Tomáš Baťa bol podnikateľom, pre ktorého človek nebol ľahostajný. Staral sa o zdravie pracovníkov a zároveň ich vychovával k tomu, aby sa o svoje zdravie starali. Urobil maximum v oblasti starostlivosti o zdravie, hygienu na pracovisku a pre prevenciu zdravia. Výchova k športu bola súčasťou prípravy v Baťových školách. 
610 2 0 |a podnikatelia 
610 2 0 |a zamestnávatelia 
610 2 0 |a zamestnanci 
610 2 0 |a starostlivosť o zdravie 
610 2 0 |a hygiena 
610 2 0 |a pracovisko 
610 2 0 |a šport 
610 2 0 |a bývanie 
610 2 0 |a výkony pracovné 
100 1 |a Janků, Šárka